[Event "Paris Apsap op 71st"]
[Site "Paris"]
[Date "2004.04.25"]
[Round "9"]
[White "Bourbon, Bernard"]
[Black "Touati, Bruno"]
[Result "1-0"]
[WhiteElo "2033"]
[BlackElo "1770"]
[PlyCount "55"]
[EventDate "2004.04.19"]
[EventType "swiss"]
[EventRounds "7"]
[EventCountry "FRA"]
[SourceTitle "CBM 100 Extra"]
[Source "ChessBase"]
[SourceDate "2004.07.06"]
[SourceVersion "2"]
[SourceVersionDate "2004.07.06"]
[SourceQuality "1"]

1. e4 e6 2. d4 d5 3. Nc3 c6 4. Be3 Bb4 5. e5 Nd7 6. Qg4 Bf8 7. Bd3 c5 8. f4 g6 9. Nf3 Nh6 10. Qh3 Nf5 11. Bf2 cxd4 12. Nxd4 Bc5 13. Bxf5 exf5 14. 0-0-0 Nb6 15. Bh4 Be7 16. Bxe7 Qxe7 17. Ndb5 Be6 18. Nd6+ Kf8 19. Qh6+ Kg8 20. h4 Rd8 21. Rh3 Nc4 22. Nxd5 Bxd5 23. Rxd5 Rxd6 24. exd6 Nxd6 25. Rhd3 Qe1+ 26. Rd1 Qe3+ 27. Kb1 Ne8 28. Re5 1-0